اردو ميں تمثیل نگاری / (Record no. 170986)

MARC details
000 -LEADER
fixed length control field 00614nam a22001937a 4500
005 - DATE AND TIME OF LATEST TRANSACTION
control field 20200101121548.0
010 ## - LCCN (DPL NO)
LC control number A-581166
020 ## - INTERNATIONAL STANDARD BOOK NUMBER
International Standard Book Number 8171600352
Terms of availability 73.00
035 ## - SYSTEM CONTROL NUMBER
System control number A-581166
037 ## - SOURCE OF ACQUISITION
Source of stock number/acquisition BPPD/Pub.
082 ## - DEWEY DECIMAL CLASSIFICATION NUMBER
Classification number 840.8
100 ## - MAIN ENTRY--PERSONAL NAME
Personal name منظر اعظمی
245 ## - TITLE STATEMENT
Title اردو ميں تمثیل نگاری /
Statement of responsibility, etc منظر اعظمی
246 ## - VARYING FORM OF TITLE
Title proper/short title Urdu Mein Tamseel Nigare (Urdu) /
Remainder of title by Manzar Azmi
260 ## - PUBLICATION, DISTRIBUTION, ETC. (IMPRINT)
Place of publication, distribution, etc New Delhi
Name of publisher, distributor, etc Anjuman Taraqqi Urdu
Date of publication, distribution, etc 1992 ء
270 ## - ADDRESS
Address Urdu Bhawan, 2nd Floor, Chowhatta
City Patna
Postal code 800004
300 ## - PHYSICAL DESCRIPTION
Extent 372p.
Dimensions 20cm(Hb)
942 ## - ADDED ENTRY ELEMENTS (KOHA)
Source of classification or shelving scheme Dewey Decimal Classification
Item type Urdu Bks
Classification part 840.8
Call number suffix م ن ظ
Holdings
Withdrawn status Lost status Not for loan Collection code Home library Current library Date acquired Source of acquisition Cost, normal purchase price Full call number Barcode Copy number Cost, replacement price Koha item type
      Non-fiction Central Library Central Library 01/01/2020 BPPD/Ven. 73.00 840.8 م ن ظ A-581166 1 73.00 Urdu Bks

© Delhi Public Library
Hit Counter
free hit counter